Estadísticas para Capitales mundiales por letra - S

Haz click aquí para intentar la prueba.

Estadísticas generales

  • Esta prueba ha sido intentada 4.042 veces
  • La puntuación promedio es 11 de 17

Estadísticas de respuestas

PaísCapital% Correcto
ChileSantiago
89%
San MarinoSan Marino
74%
BoliviaSucre
74%
Costa RicaSan José
71%
Bosnia y HerzegovinaSarajevo
71%
Corea del SurSeúl
70%
El SalvadorSan Salvador
69%
BulgariaSofía
66%
República DominicanaSanto Domingo
65%
SingapurSingapur
62%
YemenSaná
56%
Macedonia del NorteSkopie
54%
GranadaSaint George
50%
Antigua y BarbudaSaint John's
50%
FiyiSuva
50%
São Tomé y PríncipeSanto Tomé
47%
Sri LankaSri
Jayawardenapura
Kotte
32%

Distribución de puntuación

Porcentaje por número respondido

Porcentaje de gente con cada puntuación

Historial de tus puntuaciones

No has intentado esta prueba.